<?xml version="1.0" encoding="UTF-8"?>
<collection xmlns="http://www.loc.gov/MARC21/slim">
 <record>
  <leader>00868cmm a2200181 a 4500</leader>
  <controlfield tag="001">1/33125</controlfield>
  <controlfield tag="008">070428s2005    gr     g   ua       gre d</controlfield>
  <datafield tag="020" ind1=" " ind2=" ">
   <subfield code="a">9604450131</subfield>
  </datafield>
  <datafield tag="035" ind1=" " ind2=" ">
   <subfield code="l">35533</subfield>
  </datafield>
  <datafield tag="040" ind1=" " ind2=" ">
   <subfield code="a">GR-PeUP</subfield>
  </datafield>
  <datafield tag="082" ind1="0" ind2="0">
   <subfield code="a">CD-ROM 347 COD</subfield>
  </datafield>
  <datafield tag="245" ind1="0" ind2="0">
   <subfield code="a">Codex πρακτική αστικών υποθέσεων II :</subfield>
   <subfield code="h">[Interactive multimedia] :</subfield>
   <subfield code="b">ενημέρωση 2005.</subfield>
  </datafield>
  <datafield tag="260" ind1=" " ind2=" ">
   <subfield code="a">Αθήνα - Θεσσαλονίκη :</subfield>
   <subfield code="b">Σάκκουλα,</subfield>
   <subfield code="c">2005.</subfield>
  </datafield>
  <datafield tag="300" ind1=" " ind2=" ">
   <subfield code="a">1 computer laser optical disc :</subfield>
   <subfield code="b">sd., col. ;</subfield>
   <subfield code="c">4 3/4 in +</subfield>
   <subfield code="e">1 οδηγό χρήσης (19 εκ. 36 σ.).</subfield>
  </datafield>
  <datafield tag="538" ind1=" " ind2=" ">
   <subfield code="a">Ελάχιστες απαιτήσεις συστήματος :Windows 95 και νεώτερο.</subfield>
  </datafield>
  <datafield tag="650" ind1=" " ind2="4">
   <subfield code="a">CD-ROMs.</subfield>
  </datafield>
  <datafield tag="650" ind1=" " ind2="4">
   <subfield code="a">Αστικό δίκαιο</subfield>
   <subfield code="x">Ελλάδα</subfield>
   <subfield code="x">CD-ROMs.</subfield>
  </datafield>
  <datafield tag="852" ind1=" " ind2=" ">
   <subfield code="a">INST</subfield>
   <subfield code="b">UNIPILB</subfield>
   <subfield code="c">MMEDIA</subfield>
   <subfield code="e">20070730</subfield>
   <subfield code="h">CD-ROM 347 COD</subfield>
   <subfield code="p">00153248</subfield>
   <subfield code="q">00153248</subfield>
   <subfield code="t">NOLOAN</subfield>
   <subfield code="y">23</subfield>
   <subfield code="4">1</subfield>
  </datafield>
 </record>
</collection>
